[Event "VIE-ch (Women)"]
[Site "Ha Tien"]
[Date "2023.09.14"]
[Round "3"]
[White "Pham, Thien Thanh"]
[Black "Nguyen, Manh Quynh"]
[Result "1/2-1/2"]
[WhiteElo "1288"]
[BlackElo "1030"]
[PlyCount "37"]
[EventDate "2023.09.13"]
[EventType "swiss"]
[EventRounds "9"]
[EventCountry "VIE"]
[SourceTitle "EXT 2024"]
[Source "ChessBase"]
[SourceDate "2023.10.10"]
[SourceVersion "1"]
[SourceVersionDate "2023.10.10"]
[SourceQuality "1"]

1. d4 Nf6 2. c4 g6 3. Nc3 Bg7 4. Nf3 0-0 5. g3 d6 6. Bg2 c5 7. 0-0 Nc6 8. dxc5 dxc5 9. Bf4 Nh5 10. Be3 Nd4 11. Qd2 Bg4 12. Rfd1 Bxf3 13. Bxf3 Nxf3+ 14. exf3 b6 15. Qe2 Qc7 16. Bg5 Nf6 17. Rd3 Rad8 18. Rad1 Rxd3 19. Qxd3 1/2-1/2